000 00247 a2200097 4500
001 14548
100 _aMuhammad Imran Khan Nadvi
245 _aMushir Ahle Elm ki Mahsin Kitaby
260 _aKarachi
_bMajlis Nashryat Islam
_c
090 _c11377
_d11377
942 _aNUST-CAE
_cM
_c1533
999 _c249621
_d249621